| 000 | 00547nam a2200205Ia 4500 | ||
|---|---|---|---|
| 003 | GCL | ||
| 008 | 140319s9999 xx 000 0 eng d | ||
| 040 |
_aGCL / _cGCL |
||
| 082 | 0 | 4 |
_a372.86 _bC H |
| 100 | 1 | _aCORARD, V. R. | |
| 245 | 1 | 0 |
_aHANDBOOK OF PHYSICAL EDUCATION FOR PRIMARY SCHOOLS / _cCORARD, V. R. |
| 700 | 1 | _aLANE, T. C. | |
| 260 |
_a[S.N] : _bEVANS. BROTHERS LIMITED ، _c1992 |
||
| 300 | _a133 P | ||
| 650 | 0 | 4 | _aTEACHING |
| 650 | 0 | 4 | _aPHYSICAL EDUCATION |
| 650 | 0 | 4 | _aPRIMARY SCHOOLS |
| 650 | 0 | 4 | _aEDUCATION |
| 942 |
_2ddc _cBK |
||
| 999 |
_c21255 _d21255 |
||